La integración y el desarrollo social fronterizo

שמור ב:
מידע ביבליוגרפי
Main Authors: González Miranda, Sergio Alberto (autor), Ramírez, Socorro (Author)
פורמט: ספר
שפה:ספרדית
יצא לאור: Bogotá Convenio Andrés Bello 2006
מהדורה:1a. ed
סדרה:Integración Social y Fronteras
נושאים:
תגים: הוספת תג
אין תגיות, היה/י הראשונ/ה לתייג את הרשומה!

MARC

LEADER 00000nam a2200000 a 4500
001 UCI2360
003 CL-VaPUC
008 070817e20060900CK |||||||||||||||||spa|d
020 |a 9586981959 
082 0 4 |a 327.101  |b GON  |2 21 
100 |a González Miranda, Sergio Alberto  |e autor  |9 538169 
700 0 |a Ramírez, Socorro  |e author  |9 523367 
245 1 3 |a La integración y el desarrollo social fronterizo 
250 |a 1a. ed 
300 |a 95 p 
942 |c BK 
945 |d 20070817 00:00:00  |a jtorresc 
260 |a Bogotá  |b Convenio Andrés Bello  |c 2006 
650 0 |a Fronteras  |9 338773 
650 0 |a Relaciones Internacionales  |9 255740 
650 7 |a POLITICA INTERNACIONALES  |2 CL-VaPUC  |9 523368 
650 0 |a Integración latinoamericana  |9 307692 
651 0 |a América Latina   |9 255027 
583 |a last modification  |c 20070817 00:00:00  |k Rodrigo Vera 
490 0 |a Integración Social y Fronteras 
999 |c 326963  |d 326961 
952 |0 0  |1 0  |4 0  |6 327_101000000000000_GON_2006  |7 0  |8 A  |9 409286  |a BIBHIS  |b BIBHIS  |d 2019-11-22  |i 436421K  |o 327.101 GON 2006  |p 436421K  |r 2025-01-20  |w 2019-11-22  |y BK  |k HIS 
952 |0 0  |1 0  |4 0  |6 327_101000000000000_GON_2006  |7 0  |8 A  |9 409287  |a BIBHIS  |b BIBHIS  |d 2019-11-22  |i 4364228  |o 327.101 GON 2006  |p 4364228  |r 2025-01-20  |w 2019-11-22  |y BK  |k HIS